000 00346nam a2200133Ia 4500
008 240624s9999 xx 000 0 und d
041 _aeng
082 _a338.502465 PER
100 _aPERLOFF JEFFREY M
245 _aMANAGERIAL ECONOMICS AND STRATEGY
260 _c2014
_aNew York
_bPearson
300 _axx, : 608 : p. : cm. ; 26
365 _c
_b30
999 _c27008
_d27008